| 000 | 00611nam a2200181Ia 4500 | ||
|---|---|---|---|
| 008 | 090630s9999 xx 000 0 und d | ||
| 082 | _b2078 | ||
| 100 | _aमंगळवेढेकर राजा. | ||
| 245 |
_aसिध्दार्थ. _cमंगळवेढेकर राजा. |
||
| 260 |
_bपॉप्युलर. _c1972 |
||
| 300 | _a132 | ||
| 600 | _aमंगळवेढेकर राजा. | ||
| 630 | _aसिध्दार्थ. | ||
| 655 | _aइतर. | ||
| 700 | _aमंगळवेढेकर राजा. | ||
| 730 | _aसिध्दार्थ. | ||
| 942 | _cBOOK | ||
| 999 |
_c253934 _d253934 |
||